• 首页
  • 本馆介绍
  • 公告通知
  • 最新文献
  • 馆藏检索
  • 电子资源
  • 读者导购
  • 参考咨询
  • 我的图书馆
  • 登录
  • 详细信息显示
  • 放入我的书架
  • 预约/预借图书
  • 作者相关作品
  • 分类相关作品
  • 丛书相关作品
  • 出版社相关作品

书目信息

  • 表格格式
  • 工作单格式
  • 卡片格式
题名:
实用创造学与方法论
    
 
作者: 芮杏文 , 戚昌滋 主编
分册:  
出版信息: 北京   中国建筑工业出版社  1985
页数: 382页
开本: 19cm
丛书名: 现代设计派丛书
单 册:
中图分类: N03
科图分类:
主题词: 创造学 , 科学方法论
电子资源:
ISBN:
000 00816nam2 2200289 45
001 0185006801
005 20070721153328.32
010    @dCNY2.05
091    @aCN@b15040.4873
100    @a19900816d1985 emky0chiy0121 ea
101 0  @achi
102    @aCN@b110000
105    @ay z 000yy
200 10 @a实用创造学与方法论@Ashi yong chuang zao xue yu fang fa lun@f芮杏文, 戚昌滋主编
210    @a北京@c中国建筑工业出版社@d1985
215    @a382页@d19cm
225 2  @a现代设计派丛书
410  0 @120010@a现代设计派丛书
517 1  @a创造学与方法论@Achuang zao xue yu fang fa lun
606    @a创造学
606    @a科学方法论
690    @aN03@v3 
701  0 @a芮杏文@Arui xing wen@4主编
701  0 @a戚昌滋@Aqi chang zi@4主编
801  2 @aCN@bNLC@c20070721
801  0 @aCN@bTSSF
905    @a10447@dN03@e177
    
    实用创造学与方法论/芮杏文, 戚昌滋主编.-北京:中国建筑工业出版社,1985
    382页;19cm.-(现代设计派丛书)
    
    
    ISBN :CNY2.05
    
●
相关链接 在E读中查询图书 在五车中查询图书 在当当中查询图书 在豆瓣中查询图书


正题名:实用创造学与方法论     索取号:N03/177         预约/预借

序号 登录号 条形码 馆藏地/架位号 状态 备注
1 0767531   207675318   第二样本阅览室/ [索取号:N03/177] 在馆    
唐山师范学院图书馆 欢迎您!
大连网信软件有限公司© 版权所有